| 000 | 01894nam a22002297a 4500 | ||
|---|---|---|---|
| 005 | 20220614114527.0 | ||
| 008 | 220613b ||||| |||| 00| 0 eng d | ||
| 040 | _cAloy | ||
| 041 | _aKannada/English | ||
| 082 |
_223 _aK894.4 _bRAVH |
||
| 100 |
_aRavikumar (Na): ರವಿಕುಮಾರ (ನ) Ed _942192 |
||
| 245 |
_aHeegiddaru Prabhushankara: Nenapina hottige _bಹೀಗಿದ್ದರು ಪ್ರಭುಶಂಕರ: ನೆನಪಿನ ಹೊತ್ತಿಗೆ |
||
| 260 |
_aBengaluru _bAbhinava _c2022 |
||
| 300 |
_a522p. _bHB _c22x15cm. |
||
| 365 |
_2Kannada _aBLCR-000033 _b400.00 _c₹ _d500.00 _e20% _f03-062022 |
||
| 520 | _aಒಂದು ಕಾಲಘಟ್ಟದ ಸಾಮಾಜಿಕ ಮತ್ತು ಸಾಂಸ್ಕ್ರತಿಕ ಚರಿತ್ರೆಯನ್ನು ಕಟ್ಟಲು ಸಹಾಯಕವಾಗಬಲ್ಲ ಆಕರಗಳಿವೆ. ಪ್ರಭುಶಂಕರ ಅವರ ಮನಸ್ಸು ಹೇಗೆಲ್ಲ ಕೆಲಸ ಮಾಡುತಿತ್ತು ಎಂಬುದನ್ನು ಗ್ರಹಿಸಲು ಪೂರಕವಾಗಿದೆ. ಅವರ ಸಾಹಿತ್ಯರಾಶಿ ಮಾತ್ರವಲ್ಲ ಪ್ರಸಾರಾಂಗ, ರಾಮಕೃಷ್ಣಾಶ್ರಮ. ಗಾನಭಾರತೀಯಂಥ ಸಂಸ್ಥೆಗಳಲ್ಲಿ ಅವರು ಮಾಡಿದ ಕೆಲಸಗಳು ಮಾತ್ರವಲ್ಲ ಮುಂದಿನ ಪೀಳಿಗೆಯನ್ನು ರೂಪಿಸಿದ ಉದಾಹರಣನೆಗಳೆಲ್ಲವೂ ಇದಕ್ಕೆ ಸಾಕ್ಷಿಯಾಗಿವೆ. | ||
| 650 |
_aKannada Prose: ಕನ್ನಡ ಪ್ರಬಂಧ _942025 |
||
| 650 |
_aKannada Literature: ಕನ್ನಡ ಸಾಹಿತ್ಯ _942026 |
||
| 700 |
_aRAVIKUMARA (Na): ರವಿಕುಮಾರ (ನ) Ed _942027 |
||
| 700 |
_aPRABHUSHANKARA (Asitha): ಪ್ರಭುಶಂಕರ (ಅಸಿತಾ) Ed _942028 |
||
| 942 |
_2ddc _cBK |
||
| 999 |
_c223346 _d223346 |
||